000 00232nam a22000857a 4500
008 160917b xxu||||| |||| 00| 0 eng d
100 _9635
_aSial.S.etal
245 _aEnglish CCE.Manuel-IX
260 _aNew Delhi
_bS. Chand Publications
_c2012
999 _c3294
_d3294